Plánovanie a optimalizácia využitia batériového úložiska energie

Gespeichert in:
Bibliographische Detailangaben
1. Verfasser: Madleňáková, Vanesa (Verfasst von)
Weitere Verfasser: Kvasnica, Michal (Betreuung Doktorarbeit)
Format: Manuskript Buch
Sprache:Slowakisch
Veröffentlicht: 2024
Schlagworte:
Online-Zugang:http://is.stuba.sk/zp/portal_zp.pl?podrobnosti=177236
Tags: Tag hinzufügen
Keine Tags, Fügen Sie das erste Tag hinzu!

MARC

LEADER 00000ntm a22000003a 4500
001 stuzp99411
003 SK-STU
005 20240601210736.6
007 ta
008 150427s2015----xo-----f-mn---000-0-slo-d
040 |a STU  |b slo 
041 0 |a slo 
100 1 |a Madleňáková, Vanesa  |u 047220  |4 aut  |U FCHPT Ústav informatizácie, automatizácie a matematiky  |T FCHPT Oddelenie informatizácie a riadenia procesov  |X 104728  |U C7220  |Y 121  |7 104728 
242 0 1 |a Planning and optimization of the utilization of battery energy storage systems  |y eng 
245 1 0 |a Plánovanie a optimalizácia využitia batériového úložiska energie 
260 |c 2024 
650 4 |a batériové úložisko energie  |2 slo 
650 4 |a MPC  |2 slo 
650 4 |a podporné služby elektrickej siete  |2 slo 
650 4 |a energetická arbitráž  |2 slo 
650 4 |a optimalizácia  |2 slo 
650 4 |a battery energy storage system  |2 eng 
650 4 |a electrical grid ancillary services  |2 eng 
650 4 |a energy arbitrage  |2 eng 
650 4 |a MPC  |2 eng 
650 4 |a optimization  |2 eng 
700 1 |a Kvasnica, Michal  |u 047000  |k Z1  |4 ths  |U FCHPT Fakulta chemickej a potravinárskej technológie  |T FCHPT Ústav informatizácie, automatizácie a matematiky  |X 38267  |U C7000  |Y 105  |7 A000038267 
856 4 |u http://is.stuba.sk/zp/portal_zp.pl?podrobnosti=177236